Teoría de la organización / (Record no. 97509)

MARC details
000 -LEADER
campo de control de longitud fija 00780nam a2200217 i 4500
001 - NÚMERO DE CONTROL
campo de control 97509
003 - IDENTIFICADOR DE NÚMERO DE CONTROL
campo de control ES-MaACL
005 - FECHA Y HORA DE LA ÚLTIMA TRANSACCIÓN
campo de control 20230906182120.0
007 - CAMPO FIJO DE DESCRIPCIÓN FÍSICA--INFORMACIÓN GENERAL
campo de control de longitud fija t|
008 - DATOS DE LONGITUD FIJA--INFORMACIÓN GENERAL
campo de control de longitud fija 050713s1969 sp ||||1| d
100 1# - ENTRADA PRINCIPAL--NOMBRE DE PERSONA
Nombre de persona March, James G.
9 (RLIN) 76391
245 10 - MENCIÓN DEL TÍTULO
Título Teoría de la organización /
Mención de responsabilidad, etc. por James G. March y Herbert A. Simon; con la colaboración de Harold Puetzkow; prólogo de Antonio Serra Ramonedad; [traducido por Juan Maluquer Wahl].
250 ## - MENCION DE EDICION
Mención de edición [2ª ed.].
260 ## - PUBLICACIÓN, DISTRIBUCIÓN, ETC.
Lugar de publicación, distribución, etc. Barcelona :
Nombre del editor, distribuidor, etc. Ariel,
Fecha de publicación, distribución, etc. 1969.
300 ## - DESCRIPCIÓN FÍSICA
Extensión XXIII, 285 p. ;
Dimensiones 23 cm.
700 1# - ENTRADA AGREGADA--NOMBRE PERSONAL
Nombre de persona Simon, Herbert Alexander.
9 (RLIN) 106512
700 1# - ENTRADA AGREGADA--NOMBRE PERSONAL
Nombre de persona Gutezkaw, Harold Steeve.
9 (RLIN) 61033
700 1# - ENTRADA AGREGADA--NOMBRE PERSONAL
Nombre de persona Maluquer Wahl, Juan J.
9 (RLIN) 75884
700 1# - ENTRADA AGREGADA--NOMBRE PERSONAL
Nombre de persona Serra Ramoneda, Antonio.
9 (RLIN) 105656
852 ## - LOCALIZACIÓN
Ubicación ES-MaACL
Número de control de estantería E-5620
Sublocalización o colección R.90153
Holdings
Estatus retirado Estado de pérdida Estado de daño No para préstamo Biblioteca de origen Biblioteca actual Ubicación en estantería Fecha de adquisición Fuente de adquisición Total de préstamos Signatura topográfica completa Código de barras Visto por última vez Precio de reemplazo Tipo de ítem Koha
        Biblioteca del Ateneo de Madrid Biblioteca del Ateneo de Madrid Depósito 2 17/01/2008     E-5620 1101794 23/02/2023 23/02/2023 Libro impreso